书目信息 |
| 题名: |
走出爱的误区
|
|
| 作者: | 左文恕 著 | |
| 分册: | ||
| 出版信息: | 长沙 湖南人民出版社 1989.6 |
|
| 页数: | 231页 | |
| 开本: | 19cm | |
| 丛书名: | ||
| 单 册: | ||
| 中图分类: | D432.64 | |
| 科图分类: | ||
| 主题词: | 恋爱--青年读物 | |
| 电子资源: | ||
| ISBN: | 7-217-00628-7 | |
| 000 | 00724nam0 2200241 45 | |
| 001 | 0189012926 | |
| 005 | 20070726090636.36 | |
| 010 | @a7-217-00628-7@dCNY2.70 | |
| 020 | @aCN@b89012926 | |
| 100 | @a19910105d1989 e y0chiy0120 ea | |
| 101 | 0 | @achi |
| 102 | @aCN@b430000 | |
| 105 | @ay z 000yy | |
| 200 | 10 | @a走出爱的误区@Azou chu ai de wu qu@f左文恕著@Fzuo wen shu zhu |
| 210 | @a长沙@c湖南人民出版社@d1989.6 | |
| 215 | @a231页@d19cm | |
| 330 | @a本书以书信体的形式回答了青年们在恋爱婚姻上提出的许多新问题。 | |
| 540 | 1 | @a走出 爱 误区@Azou chu ai wu qu |
| 606 | @a恋爱@x青年读物 | |
| 690 | @aD432.64@v4 | |
| 701 | 0 | @a左文恕@Azuo wen shu@4著 |
| 801 | 0 | @aCN@bTSSF@c20070726 |
| 905 | @a10447@dD432.64@e203 | |
| 走出爱的误区/左文恕著.-长沙:湖南人民出版社,1989.6 |
| 231页;19cm |
| ISBN 7-217-00628-7:CNY2.70 |
| 本书以书信体的形式回答了青年们在恋爱婚姻上提出的许多新问题。 |
| ● |
| 相关链接 |
|
|
|
|
正题名:走出爱的误区
索取号:D432.64/203
 
预约/预借
| 序号 | 登录号 | 条形码 | 馆藏地/架位号 | 状态 | 备注 |
| 1 | 0769045 | 207690453 | 第一样本阅览室/ [索取号:D432.64/203] | 在馆 |